00273nam a2200109Ia 4500008004100000082001400041100001900055245003000074260002900104300000800133650002200141191201s2019 xx 000 0 und d a615.4 NAP aNAND, Partibha 0aPharmaceutical Dispensing bCBS PubaNew Delhic2019 a200 aPharmaceutics - 4